000 00463cam a2200181ua 4500
020 _cRs.8.50
041 _aeng
_h
082 _a621.4021
_bDOO/TH
100 _aDoolittle, Jesse S.
245 _aThermodynamics for engineers /
_cJesse S Doolittle.
_hTextual Documents
260 _aLondon :
_bJohn Wiley & Sons ,
_c1984.
300 _a582 ; .
365 _aRs.8.50
504 _a
700 1 _aHale, Francis J.
942 _cBK
999 _c1474
_d1474